Japanese exports to the United States : Analysis of "Import Pull" and "Export Push" factors

সংরক্ষণ করুন:
গ্রন্থ-পঞ্জীর বিবরন
প্রধান লেখক: Monroe, Wibur F.
বিন্যাস: গ্রন্থ
ভাষা:Undetermined
প্রকাশিত: Washington United States-Japan Trade Council 1978
বিষয়গুলি:
ট্যাগগুলো: ট্যাগ যুক্ত করুন
কোনো ট্যাগ নেই, প্রথমজন হিসাবে ট্যাগ করুন!
Thư viện lưu trữ: Trung tâm Học liệu Trường Đại học Cần Thơ
LEADER 00616nam a2200205Ia 4500
001 CTU_97730
008 210402s9999 xx 000 0 und d
082 |a 337.52 
082 |b M753 
100 |a Monroe, Wibur F. 
245 0 |a Japanese exports to the United States : 
245 0 |b Analysis of "Import Pull" and "Export Push" factors 
245 0 |c Wibur F. Monroe 
260 |a Washington 
260 |b United States-Japan Trade Council 
260 |c 1978 
650 |a Foreign economic relations 
650 |z Japan,United states 
904 |i Giang 
980 |a Trung tâm Học liệu Trường Đại học Cần Thơ